| 000 | 00651nam a2200181Ia 4500 | ||
|---|---|---|---|
| 008 | 090123s9999 xx 000 0 und d | ||
| 082 | _b28740 | ||
| 100 | _aकाळे वसंत पुरूषोत्तम | ||
| 245 | _aमाझं माझ्यापाशी | ||
| 250 | _a1 | ||
| 260 |
_bऔदुंबर प्रकाशन _c1998 |
||
| 300 | _a139 | ||
| 600 | _aकाळे वसंत पुरूषोत्तम | ||
| 630 | _aमाझं माझ्यापाशी | ||
| 700 | _aकाळे वसंत पुरूषोत्तम | ||
| 730 | _aमाझं माझ्यापाशी | ||
| 942 | _cBOOK | ||
| 999 |
_c67321 _d67321 |
||